000 00801nam a22001935i 4500
001 160430
003 ES-MaACL
005 20251122063133.0
008 040924s1879 gw |||| | eng d
040 _aCAM
_bspa
_cCAM
100 1 _aMurray, Eustace Clare Grenville,
_d1824-1881
_9130298
245 1 0 _aThat artful vicar
_b: the story of what a clergyman tried to do for others and did for himself /
_cby E.C. Grenville Murray.
260 _aLeipzig :
_bBernhard Tauchnitz,
_c1879.
300 _a2 v. (287 ; 288 p.) ;
_c16 cm.
490 1 _aCollection of british authors ;
_v1820 ; 1821
830 0 _aCollection of british authors ;
_v1820 ; 1821
_9180703
852 _aES-MaACL
_jG-11602
_z-- Enc. hol., conservando las cubs. originales
_z-- Enc. 2 t. en 1 v.
999 _c160430
_d160430